Praca na P - Statystyki

Ogólne statystyki
  • Ten quiz został rozwiązany 44 razy
  • Średni wynik to 5 z 15
Statystyki odpowiedzi
Hint Odpowiedź % Poprawnych
2. Policjant
74%
1. Piekarz
53%
5. Pisarz
42%
9. Polityk
42%
4. Prawnik
39%
8. Pielęgniarka
34%
3. Piłkarz
32%
7. Pilot
26%
10. Piosenkarz
26%
13. Psycholog
26%
14. Prokurator
24%
6. Prostytutka
16%
11. Programista
13%
12. Portier
11%
15. Pokojówka
3%
Nie znaleziono quizów pasujących do podanych kryteriów
Rozkład punktacji
Procent ludzi z każdym wynikiem
Percentyl według liczby udzielonych odpowiedzi
Twoja historia wyników
Nie rozwiązałeś tego quizu